El diálogo demogrático entre las cortes y las instituciones representativas. = Democratic dialogue between the courts ans representative institutions /

Saved in:
Bibliographic Details
Main Author: Linares, Sebastián
Format: Text
Tags: Add Tag
No Tags, Be the first to tag this record!

MARC

LEADER 00000 a a2200000 04500
001 16580
003
040
100 |a Linares, Sebastián  
245 |a El diálogo demogrático entre las cortes y las instituciones representativas. =   |b Democratic dialogue between the courts ans representative institutions /  |c Sebastián Linares 
773 |g volumen 70, número 3; páginas 487-539  
999 |c 24171  |d 24171